Telecommunications network design algorithms / (Record no. 182545)
[ view plain ]
| 000 -LEADER | |
|---|---|
| fixed length control field | 00917 a2200217 4500 |
| 003 - CONTROL NUMBER IDENTIFIER | |
| control field | Nust |
| 005 - DATE AND TIME OF LATEST TRANSACTION | |
| control field | 20221208124403.0 |
| 010 ## - LIBRARY OF CONGRESS CONTROL NUMBER | |
| LC control number | 92044411 |
| 020 ## - INTERNATIONAL STANDARD BOOK NUMBER | |
| International Standard Book Number | 0070342288 : |
| 040 ## - CATALOGING SOURCE | |
| Transcribing agency | Nust |
| 082 00 - DEWEY DECIMAL CLASSIFICATION NUMBER | |
| Classification number | 621.382,KER |
| 100 1# - MAIN ENTRY--PERSONAL NAME | |
| Personal name | Kershenbaum, Aaron. |
| 9 (RLIN) | 78332 |
| 245 10 - TITLE STATEMENT | |
| Title | Telecommunications network design algorithms / |
| Statement of responsibility, etc. | Aaron Kershenbaum. |
| 260 ## - PUBLICATION, DISTRIBUTION, ETC. | |
| Place of publication, distribution, etc. | New York : |
| Name of publisher, distributor, etc. | McGraw-Hill, |
| Date of publication, distribution, etc. | c1993. |
| 300 ## - PHYSICAL DESCRIPTION | |
| Extent | xvi, 368 p. : |
| Other physical details | ill. ; |
| Dimensions | 25 cm. |
| 490 1# - SERIES STATEMENT | |
| Series statement | McGraw-Hill in computer science series |
| 505 ## - FORMATTED CONTENTS NOTE | |
| Formatted contents note | Introduction (Page-1), Analysis of Loss and Delay (Page-43), Modeling Networks as Graphs (Page-111), Fundamentals Graph Algorithms (Page-139), Centralized Network Design (Page-179), Routing (Page-246), Mesh Topology Optimization (Page-281), Network Reliability (Page-330).. |
| 650 #0 - SUBJECT ADDED ENTRY--TOPICAL TERM | |
| Topical term or geographic name entry element | Telecommunications engineering. |
| 9 (RLIN) | 58485 |
| 830 #0 - SERIES ADDED ENTRY--UNIFORM TITLE | |
| Uniform title | McGraw-Hill series in computer science. |
| 9 (RLIN) | 55540 |
| 942 ## - ADDED ENTRY ELEMENTS (KOHA) | |
| Source of classification or shelving scheme | |
| Koha item type | Book |
| Withdrawn status | Lost status | Source of classification or shelving scheme | Damaged status | Not for loan | Permanent Location | Current Location | Shelving location | Date acquired | Full call number | Barcode | Date last seen | Price effective from | Koha item type | Public note |
|---|---|---|---|---|---|---|---|---|---|---|---|---|---|---|
| Military College of Signals (MCS) | Military College of Signals (MCS) | General Stacks | 12/12/2016 | 621.382,KER | MCS5695 | 12/08/2016 | 12/12/2016 | Book | Almirah No.35, Shelf No.4 |
